| 000 | 00733nam a2200217 a 4500 | ||
|---|---|---|---|
| 005 | 20240320063651.0 | ||
| 008 | 991125s1966 ea 000 0 eng u | ||
| 035 | _aUPN01000004652 | ||
| 049 | _aCG | ||
| 050 | 4 |
_aPS3535 O176 _bA7 |
|
| 100 | 1 |
_aRoberts, Kenneth Lewis, _d1885-1957 _936406 |
|
| 245 | 1 | 0 |
_aArundel / _cKenneth Roberts. |
| 260 |
_aEstados Unidos : _bFawcett Worl Library, _c1966. |
||
| 300 | _a494 p. | ||
| 500 | _a"America greatest historical novel" | ||
| 600 | 1 | 4 |
_aARNOLD, BENEDICT, _d1741-1801 - _vNOVELA _97948 |
| 650 | 4 |
_aNovela estadounidense _94462 |
|
| 651 | 4 |
_aCANADA - _xHISTORIA - _y1775-1776 - _vNOVELA _95023 |
|
| 651 | 4 |
_aESTADOS UNIDOS - _xHISTORIA - _yREVOLUCION, 1775-1783 - _vNOVELA _923770 |
|
| 905 | _aLibro | ||
| 999 |
_c4652 _d4652 |
||